000 00253nmm a2200085Ia 4500
008 220120s9999||||xx |||||||||||||||||und||
100 _aPCQ
245 0 _aPCQ-JAN: Anniversary special freebis, yoga programs by sadgu
260 _aCyber tech publications
_c2012
999 _c139715
_d139715